Statistics for The Beatles Trivia

Click here to take the quiz!

General Stats

  • This quiz has been taken 1,482 times
    (1,472 since last reset)
  • The average score is 11 of 16

Answer Stats

HintAnswer% Correct
The last album The Beatles recordedAbbey Road
90%
The last Beatles album releasedLet It Be
90%
What was The Beatles first film?A Hard Day's Night
79%
Who did Paul write "Hey Jude" for?Julian Lennon
79%
Which two Beatles are still alive?Paul and Ringo
79%
Who introduced The Beatles to marijuna?Bob Dylan
76%
What song made The Beatles popular in the US?I Wanna Hold Your Hand
76%
What was The Beatles first album?Please Please Me
74%
What is Ringo Starr's real name?Richard Starkey
73%
What was The Beatles first single?Love Me Do
65%
Who inspired the song "Let It Be?"Paul's mom
65%
What is Paul McCartney's real first name?James
62%
In what town was The Beatles last public performance?London
58%
Where the last Beatles concert was heldCandlestick Park
50%
Which was the first Beatles song that Ringo sang?Boys
47%
Where is John Lennon's Imagine memorial?New York City
46%

Score Distribution

Percentile by Number Answered

Percent of People with Each Score

Your Score History

You have not taken this quiz since the last reset